00213nam a22000977a 4500003000400000082000800004100002100012245005000033260002400083300000800107SGT aLAN aLANDER, JARED P. aR. FOR EVERYONE ADVANCED ANALYTIC AND GRAPHIC aPEARSON INDIAc2015 a432